Guidelines for selecting a small highway sign support system (Record no. 596392)

MARC details
000 -LEADER
fixed length control field 01114nam a2200313 a 4500
001 - CONTROL NUMBER
control field vtls001303912
003 - CONTROL NUMBER IDENTIFIER
control field NLI
005 - DATE AND TIME OF LATEST TRANSACTION
control field 20210627043915.0
008 - FIXED-LENGTH DATA ELEMENTS--GENERAL INFORMATION
fixed length control field 120418s1979 dcua i000 0 eng
039 #9 - LEVEL OF BIBLIOGRAPHIC CONTROL AND CODING DETAIL [OBSOLETE]
-- 201204181930
-- VLOAD
040 0# - CATALOGING SOURCE
Original cataloging agency NLI
Transcribing agency VTLS-2012_FOD
Description conventions AACR2
041 0# - LANGUAGE CODE
Language code of text/sound track or separate title eng
044 ## - COUNTRY OF PUBLISHING/PRODUCING ENTITY CODE
MARC country code dcu
082 04 - DEWEY DECIMAL CLASSIFICATION NUMBER
Classification number 363.125
110 1# - MAIN ENTRY--CORPORATE NAME
Corporate name or jurisdiction name as entry element United States.
Subordinate unit Department of Transportation.
-- Federal Highway Administration.
-- Office of Research and Development
9 (RLIN) 725759
245 10 - TITLE STATEMENT
Title Guidelines for selecting a small highway sign support system
260 ## - PUBLICATION, DISTRIBUTION, ETC.
Place of publication, distribution, etc. Washington, D.C. :
Name of publisher, distributor, etc. United States Government Printing Office,
Date of publication, distribution, etc. 1979
300 ## - PHYSICAL DESCRIPTION
Extent 71 p. :
Other physical details ill. ;
Dimensions 28 cm.
440 #0 - SERIES STATEMENT/ADDED ENTRY--TITLE
Title Implementation package ;
Volume/sequential designation FHWA-IP-79-7
9 (RLIN) 725760
650 #0 - SUBJECT ADDED ENTRY--TOPICAL TERM
Topical term or geographic name entry element Highway safety
9 (RLIN) 725761
650 #0 - SUBJECT ADDED ENTRY--TOPICAL TERM
Topical term or geographic name entry element Federal highway system
9 (RLIN) 725762
710 2# - ADDED ENTRY--CORPORATE NAME
Corporate name or jurisdiction name as entry element Federal Highway Administration
9 (RLIN) 725763
710 2# - ADDED ENTRY--CORPORATE NAME
Corporate name or jurisdiction name as entry element Office of Research And Development
9 (RLIN) 725764
887 ## - NON-MARC INFORMATION FIELD
Content of non-MARC field
901 ## - LOCAL DATA ELEMENT A, LDA (RLIN)
a AD 158590
b 08.01.2011
902 ## - LOCAL DATA ELEMENT B, LDB (RLIN)
a U.S 363.125 Un 3 g (FHWA-IP-79-7)
949 ## - LOCAL PROCESSING INFORMATION (OCLC)
-- VIRTUAITEM
-- 10000
-- 100
6 ADX000158590ENG
942 ## - ADDED ENTRY ELEMENTS (KOHA)
Source of classification or shelving scheme Dewey Decimal Classification
Koha item type Books
Holdings
Withdrawn status Lost status Damaged status Not for loan Collection code Home library Current library Shelving location Date acquired Total Checkouts Full call number Barcode Date last seen Price effective from Koha item type
          National Library of India National Library of India       U.S 363.125 Un 3 g (FHWA-IP-79-7) ADX000158590ENG 27/06/2021 27/06/2021 Books
                                                                           
web counter

Copyright ©2020 The National Library of India, Govt. of India ↔ Hosted by NVLI, MOC ↔ Technology and Design by National Library of India, Ministry of Culture, Govt. of India